The struggle for pedagogies : critical and feminist discourses as regimes of truth
Saved in:
| Main Author: | |
|---|---|
| Format: | Book |
| Language: | English |
| Published: |
New York :
Routledge,
1993
|
| Subjects: | |
| Tags: |
Add Tag
No Tags, Be the first to tag this record!
|
MARC
| LEADER | 00000nam a2200000 i 4500 | ||
|---|---|---|---|
| 001 | 1/91662 | ||
| 008 | 991029s1993 eng d | ||
| 020 | |a 0-415-90564-8 | ||
| 035 | |l 10053702 | ||
| 040 | |a GR-MY-UA |b gre |e aacr | ||
| 041 | 0 | |a eng | |
| 082 | 0 | |a 370.19 | |
| 100 | 1 | |a Gore, Jennifer |d 1959- | |
| 245 | 1 | 4 | |a The struggle for pedagogies : |b critical and feminist discourses as regimes of truth / |c Jennifer M. Gore |
| 260 | |a New York : |b Routledge, |c 1993 | ||
| 300 | |a 188 p. | ||
| 650 | 0 | 0 | |a Critical pedagogy. |
| 650 | 0 | 0 | |a Women |x Education. |
| 650 | 0 | 0 | |a Feminism. |
| 852 | |a INST |b RHODES |e 19991029 |h 370.19 GOR |p 005400012034 |q 005400012034 |t BK |y 0 | ||
| 901 | |a BIBL4-1999-3 | ||
| 909 | |a Ρ |b 068149 | ||
| 922 | |a 4ΕΛΗ |b 199908 |c ΚΠΣ/154 |d GLORY BOOKS | ||
| 970 | |a ΚΟΥΛΑΚΙΟΤΗ |b ΛΙΤΣΑ |z 1999/10/29 | ||